University of Nebraska- Lincoln Mascots - Statistics

General Stats
  • This quiz has been taken 15 times
    14 since last reset
  • The average score is 3 of 12
Answer Stats
Picture Answer % Correct
Lil Red
90%
Herbie Husker
50%
Herbie Husker
50%
Herbie Husker
50%
Corncob Man
10%
Herbie Husker and Lil Red/Lil Red and Herbie Husker
10%
Johnny Husker
10%
Harry Husker
0%
Huskie the Husker
0%
Huskie the Husker
0%
Mr. Big Red/Harry Husker
0%
Mr. Cornhead
0%
No matching quizzes found
Score Distribution
Percent of People with Each Score
Percentile by Number Answered
Your Score History
You have not taken this quiz since the last reset